| 000 | 01294nab a22002297a 4500 | ||
|---|---|---|---|
| 999 |
_c5838 _d5838 |
||
| 003 | OSt | ||
| 005 | 20260108011935.0 | ||
| 008 | 190514b xxu||||| |||| 00| 0 spa d | ||
| 040 | _cPJ | ||
| 100 |
_96736 _aValente, Soledad |
||
| 245 | 1 | 0 |
_aPrácticas judiciales en clave constitucional-convencional / _cSoledad Valente. |
| 300 | _ap. 52-63 | ||
| 505 | _aSumario: I. Introducción.— II. Capacidad jurídica. Principio de autonomía progresiva de NNyA (art. 5° CDN) y presunción de capacidad (art. 12 CDPD).— III. Medidas para la protección contra la violencia hacia las mujeres y las niñas. Principio de oficiosidad. Tutela judicial efectiva. Derecho de NNyA a ser oído/as.— IV. Triada progenitores-NNyA-Estado. Medidas de paternalismo justificado para garantizar los derechos fundamentales de NNyA. Autonomía progresiva. | ||
| 505 | _tSi te interesa el texto, comunicate a koha@justierradelfuego.gov.ar | ||
| 650 | 0 |
_9967 _aDERECHO DE FAMILIA |
|
| 650 | 0 |
_92741 _aDERECHOS DE LAS NIÑAS, NIÑOS Y ADOLESCENTES |
|
| 650 | 0 |
_94691 _aAUTONOMÍA PROGRESIVA |
|
| 650 | 0 |
_93637 _aTUTELA JUDICIAL EFECTIVA |
|
| 650 | 0 |
_93052 _aPROTECCIÓN DE LA MUJER |
|
| 773 | 0 |
_02844 _93222 _dBuenos Aires : AbeledoPerrot, 1989- _tDerecho de familia. N° 119 - Mayo 2025 _z18511201 |
|
| 942 |
_2udc _cANA |
||